[Event "Lisbon Christmas op"]
[Site "Lisbon"]
[Date "2014.12.29"]
[Round "7"]
[White "Aguiar, Carlos Alberto Bran"]
[Black "Passeiro, Lourenco M Vilarigu"]
[Result "1-0"]
[WhiteElo "1803"]
[BlackElo "1384"]
[PlyCount "59"]
[EventDate "2014.12.26"]
[EventType "swiss"]
[EventRounds "9"]
[EventCountry "POR"]
[SourceTitle "EXT 2018"]
[Source "ChessBase"]
[SourceDate "2017.10.13"]
[SourceVersion "1"]
[SourceVersionDate "2017.10.13"]
[SourceQuality "1"]

1. g3 c5 2. Bg2 e6 3. c4 d5 4. cxd5 exd5 5. Nf3 Nf6 6. 0-0 Be7 7. d4 cxd4 8. Nxd4 0-0 9. Nc3 Nc6 10. b3 Bc5 11. Nxc6 bxc6 12. Bb2 Bg4 13. Na4 Qe7 14. Qc2 Nd7 15. Nxc5 Qxc5 16. Qxc5 Nxc5 17. Ba3 Nxb3 18. axb3 Rfe8 19. e3 Rab8 20. Bc5 Rxb3 21. Rxa7 Reb8 22. h3 Bf5 23. Rfa1 Rb1+ 24. Kh2 Rxa1 25. Rxa1 f6 26. g4 Bd3 27. Ra7 Rb5 28. Bd6 c5 29. Bxd5+ Kh8 30. Ra8+ 1-0

[Event "Lisbon Check Mate op 1st"]
[Site "Lisbon"]
[Date "2013.08.14"]
[Round "6.14"]
[White "Aguiar, Carlos Alberto Bran"]
[Black "Curado, Manuel Joao Ferro"]
[Result "1/2-1/2"]
[WhiteElo "1858"]
[BlackElo "1926"]
[PlyCount "97"]
[EventDate "2013.08.10"]
[EventType "swiss"]
[EventRounds "7"]
[EventCountry "POR"]
[SourceTitle "EXT 2015"]
[Source "ChessBase"]
[SourceDate "2014.11.20"]
[SourceVersion "1"]
[SourceVersionDate "2014.11.20"]
[SourceQuality "1"]

1. e4 c5 2. Nf3 Nf6 3. Nc3 d5 4. exd5 Nxd5 5. Bb5+ Bd7 6. Bxd7+ Qxd7 7. 0-0 Nc6 8. Nxd5 Qxd5 9. d3 e6 10. Bf4 Be7 11. Re1 0-0 12. Qe2 Rad8 13. Qe4 Bf6 14. Qxd5 Rxd5 15. Rab1 Rfd8 16. a3 h6 17. h3 a6 18. b3 b5 19. Re4 Nd4 20. Nxd4 cxd4 21. Ra1 Rc8 22. Ra2 Rdc5 23. Re2 R8c6 24. Kf1 g5 25. Bc1 Kg7 26. g4 Kg6 27. f3 Bg7 28. Ke1 Re5 29. f4 Rxe2+ 30. Kxe2 f5 31. Kf3 e5 32. gxf5+ Kxf5 33. fxg5 hxg5 34. Bd2 Bf6 35. Bb4 Rc8 36. Bd6 Rh8 37. Kg3 e4 38. dxe4+ Kxe4 39. a4 Rc8 40. axb5 axb5 41. Bb4 Be5+ 42. Kg4 Bf4 43. h4 gxh4 44. Kxh4 Kf3 45. Kh5 Rc6 46. Bf8 Ke4 47. Bg7 Be3 48. Ra5 Rxc2 49. Bxd4 1/2-1/2

[Event "POR-ch prel"]
[Site "Lisbon"]
[Date "2013.07.18"]
[Round "5.19"]
[White "Mendes, Modeste"]
[Black "Aguiar, Carlos Alberto Bran"]
[Result "1-0"]
[WhiteElo "1770"]
[BlackElo "1891"]
[PlyCount "83"]
[EventDate "2013.07.15"]
[EventType "swiss"]
[EventRounds "9"]
[EventCountry "POR"]
[SourceTitle "EXT 2015"]
[Source "ChessBase"]
[SourceDate "2014.11.20"]
[SourceVersion "1"]
[SourceVersionDate "2014.11.20"]
[SourceQuality "1"]

1. d4 Nf6 2. c4 e6 3. Nc3 Bb4 4. Bd2 0-0 5. e3 d5 6. Nf3 Nbd7 7. Bd3 c5 8. cxd5 exd5 9. dxc5 Nxc5 10. Be2 h6 11. 0-0 Be6 12. Rc1 Bxc3 13. Bxc3 Nce4 14. Bd4 Qa5 15. Qb3 Bg4 16. Qxb7 Rab8 17. Qc7 Qxa2 18. Ra1 Qb3 19. Rxa7 Rbc8 20. Qa5 Be6 21. Qa4 Qxa4 22. Rxa4 Bg4 23. Rd1 Ng5 24. Bxf6 Bxf3 25. Bxf3 Nxf3+ 26. gxf3 gxf6 27. Rxd5 Kh7 28. Rg4 Rfd8 29. e4 Rb8 30. b4 f5 31. Rxf5 Rd7 32. b5 Rb6 33. Rc5 Rdb7 34. Rf4 f6 35. Rc6 Rxb5 36. Rcxf6 Rb1+ 37. Kg2 Rg7+ 38. Rg4 Rc7 39. Rgg6 Rc2 40. Rxh6+ Kg7 41. Rb6 Re1 42. Rhc6 1-0

[Event "POR-ch prel"]
[Site "Lisbon"]
[Date "2013.07.17"]
[Round "3.26"]
[White "Leao, Tiago Miguel da S"]
[Black "Aguiar, Carlos Alberto Bran"]
[Result "1/2-1/2"]
[WhiteElo "1703"]
[BlackElo "1891"]
[PlyCount "61"]
[EventDate "2013.07.15"]
[EventType "swiss"]
[EventRounds "9"]
[EventCountry "POR"]
[SourceTitle "EXT 2015"]
[Source "ChessBase"]
[SourceDate "2014.11.20"]
[SourceVersion "1"]
[SourceVersionDate "2014.11.20"]
[SourceQuality "1"]

1. e4 e6 2. d4 d5 3. exd5 exd5 4. Bd3 Bd6 5. Nf3 Ne7 6. 0-0 Nbc6 7. c3 Bg4 8. Bg5 f6 9. Bh4 Qd7 10. Bg3 0-0-0 11. Nbd2 Kb8 12. b4 Nf5 13. Bxd6 Nxd6 14. a4 Rde8 15. Qc2 Bxf3 16. Nxf3 g6 17. Rfb1 Nd8 18. b5 Ne6 19. g3 Ng5 20. Nxg5 fxg5 21. a5 Rhf8 22. b6 Nc4 23. Qb3 cxb6 24. Bxc4 dxc4 25. Qxc4 bxa5 26. Rxa5 b6 27. Qa6 Qb7 28. Qxb7+ Kxb7 29. Rxg5 Re2 30. f4 Rc2 31. Rc5 1/2-1/2

[Event "POR-ch prel"]
[Site "Lisbon"]
[Date "2013.07.15"]
[Round "1.1"]
[White "Diogo, Vasco Andre Marcalo"]
[Black "Aguiar, Carlos Alberto Bran"]
[Result "1-0"]
[WhiteElo "2300"]
[BlackElo "1891"]
[PlyCount "83"]
[EventDate "2013.07.15"]
[EventType "swiss"]
[EventRounds "9"]
[EventCountry "POR"]
[SourceTitle "EXT 2015"]
[Source "ChessBase"]
[SourceDate "2014.11.20"]
[SourceVersion "1"]
[SourceVersionDate "2014.11.20"]
[SourceQuality "1"]

1. e4 e6 2. d3 d5 3. Nd2 Nf6 4. Ngf3 c5 5. g3 Nc6 6. Bg2 Be7 7. 0-0 0-0 8. Re1 b5 9. e5 Nd7 10. h4 Qc7 11. Qe2 a5 12. Nf1 b4 13. Bf4 Ba6 14. Ne3 Qd8 15. Rad1 Nd4 16. Qd2 Rc8 17. Nh2 Bb7 18. c3 bxc3 19. bxc3 Nc6 20. Rb1 Ba6 21. Nf3 Rb8 22. Rxb8 Ncxb8 23. c4 d4 24. Ng4 Bb7 25. Rb1 Bc6 26. h5 Bxf3 27. Bxf3 f5 28. exf6 Bxf6 29. Qe2 Re8 30. h6 e5 31. Bd5+ Kh8 32. hxg7+ Bxg7 33. Bd2 Qc7 34. Rb7 Qd6 35. Bxa5 Nc6 36. Bc7 Qg6 37. Be4 Qe6 38. Qf3 Ncb8 39. Qh1 h6 40. Qh5 Rf8 41. Bxb8 Nxb8 42. Bg6 1-0

[Event "POR-ch qual"]
[Site "Amadora"]
[Date "2011.09.09"]
[Round "7"]
[White "Frango, David Alexandre Pac"]
[Black "Aguiar, Carlos Alberto Bran"]
[Result "1/2-1/2"]
[WhiteElo "1704"]
[BlackElo "1934"]
[PlyCount "144"]
[EventDate "2011.09.03"]
[EventType "swiss"]
[EventRounds "9"]
[EventCountry "POR"]
[SourceTitle "CBM 144 Extra"]
[Source "ChessBase"]
[SourceDate "2011.10.28"]
[SourceVersion "1"]
[SourceVersionDate "2011.10.28"]
[SourceQuality "1"]

1. d4 Nf6 2. Nf3 g6 3. c4 Bg7 4. Nc3 d6 5. e4 0-0 6. Be2 Nbd7 7. 0-0 e5 8. d5 Nc5 9. Qc2 a5 10. a3 Ne8 11. Be3 b6 12. b4 Nb7 13. Bd3 f5 14. Ne2 f4 15. Bd2 g5 16. h3 h5 17. Kh2 g4 18. Nfg1 gxh3 19. Nxh3 Qh4 20. Neg1 Nf6 21. f3 Nh7 22. Be1 Qf6 23. Bf2 Bh6 24. c5 bxc5 25. bxc5 Nd8 26. cxd6 cxd6 27. Rab1 Kh8 28. Rb6 Rg8 29. Be1 Bxh3 30. Nxh3 Ra7 31. Rg1 Ng5 32. Nxg5 Bxg5 33. Qf2 h4 34. Rxd6 Qxd6 35. Qxa7 Qxa3 36. Bb5 h3 37. Qxa5 Qb2 38. Bf1 Rg7 39. Qd2 Qa3 40. Qd3 Qa2 41. Qe2 Qxe2 42. Bxe2 hxg2 43. Rxg2 Rh7+ 44. Kg1 Be7 45. Rg6 Rg7 46. Rxg7 Kxg7 47. Ba6 Bc5+ 48. Kg2 Bd6 49. Bh4 Nf7 50. Bc8 Kf8 51. Be6 Ke8 52. Bxf7+ Kxf7 53. Kf2 Ke8 54. Ke2 Kd7 55. Bf2 Bb4 56. Be1 Bc5 57. Kd3 Ba3 58. Kc4 Be7 59. Bb4 Bf6 60. Kb5 Bg7 61. Bc5 Bh6 62. Kc4 Bg7 63. d6 Kc6 64. Ba3 Bf6 65. Kd3 Bg7 66. Ke2 Kd7 67. Kd3 Kc6 68. Kc4 Bh8 69. d7 Bf6 70. Bf8 Bg5 71. Bb4 Bd8 72. Bf8 Bg5 1/2-1/2

[Event "POR-ch qual"]
[Site "Amadora"]
[Date "2011.09.08"]
[Round "6"]
[White "Martins, Marta Sofia Cardoso"]
[Black "Aguiar, Carlos Alberto Bran"]
[Result "0-1"]
[WhiteElo "1603"]
[BlackElo "1934"]
[PlyCount "84"]
[EventDate "2011.09.03"]
[EventType "swiss"]
[EventRounds "9"]
[EventCountry "POR"]
[SourceTitle "CBM 144 Extra"]
[Source "ChessBase"]
[SourceDate "2011.10.28"]
[SourceVersion "1"]
[SourceVersionDate "2011.10.28"]
[SourceQuality "1"]

1. e4 c5 2. Nf3 d6 3. d4 cxd4 4. Nxd4 Nf6 5. Nc3 a6 6. Be2 e5 7. Nb3 Be6 8. 0-0 Be7 9. Be3 Qc7 10. Kh1 Nbd7 11. f4 exf4 12. Bxf4 Ne5 13. Nd4 0-0 14. Nf5 b5 15. Nxe7+ Qxe7 16. Nd5 Bxd5 17. exd5 Nfd7 18. Qe1 Rac8 19. c3 Nb6 20. Rd1 Nbc4 21. Bxc4 Rxc4 22. Qg3 f6 23. Rde1 Qb7 24. Rd1 Rc5 25. Qh3 Re8 26. Qg3 Kh8 27. Bxe5 Rxe5 28. Rfe1 Rcxd5 29. Rxd5 Qxd5 30. Rxe5 Qxe5 31. Qxe5 dxe5 32. Kg1 Kg8 33. Kf2 Kf7 34. Ke3 Ke6 35. b3 Kd5 36. Kd3 e4+ 37. Ke3 f5 38. g3 g5 39. h3 Ke5 40. c4 bxc4 41. bxc4 f4+ 42. gxf4+ gxf4+ 0-1

[Event "POR-ch qual"]
[Site "Amadora"]
[Date "2011.09.07"]
[Round "5"]
[White "Aguiar, Carlos Alberto Bran"]
[Black "Correia, Jorge Paulo Cardoso"]
[Result "0-1"]
[WhiteElo "1934"]
[BlackElo "1689"]
[PlyCount "54"]
[EventDate "2011.09.03"]
[EventType "swiss"]
[EventRounds "9"]
[EventCountry "POR"]
[SourceTitle "CBM 144 Extra"]
[Source "ChessBase"]
[SourceDate "2011.10.28"]
[SourceVersion "1"]
[SourceVersionDate "2011.10.28"]
[SourceQuality "1"]

1. d4 Nf6 2. Bg5 g6 3. c4 Bg7 4. Nc3 d6 5. e4 0-0 6. Nf3 Nbd7 7. Be2 h6 8. Bf4 Nh5 9. Be3 e5 10. d5 Ndf6 11. h3 Nf4 12. Bxf4 exf4 13. Qd2 Nh5 14. Nd4 Qg5 15. h4 Qe5 16. 0-0-0 Nf6 17. Nf3 Qe7 18. Qxf4 Ng4 19. Nd4 Be5 20. Qf3 h5 21. g3 f5 22. Qg2 Qf6 23. Bxg4 Bxd4 24. Bf3 Bxc3 25. bxc3 Qxc3+ 26. Kb1 Qb4+ 27. Ka1 Qxc4 0-1

[Event "POR-ch qual"]
[Site "Amadora"]
[Date "2011.09.05"]
[Round "3"]
[White "Aguiar, Carlos Alberto Bran"]
[Black "Aguiar, Henrique Rui Neves"]
[Result "0-1"]
[WhiteElo "1927"]
[BlackElo "1938"]
[PlyCount "70"]
[EventDate "2011.09.03"]
[EventType "swiss"]
[EventRounds "9"]
[EventCountry "POR"]
[SourceTitle "CBM 144 Extra"]
[Source "ChessBase"]
[SourceDate "2011.10.28"]
[SourceVersion "1"]
[SourceVersionDate "2011.10.28"]
[SourceQuality "1"]

1. b3 e5 2. Bb2 d6 3. e3 Nf6 4. c4 g6 5. Nc3 Bg7 6. Be2 0-0 7. Nf3 Nc6 8. 0-0 Re8 9. d4 exd4 10. exd4 d5 11. Nxd5 Nxd5 12. cxd5 Qxd5 13. Rc1 Qd6 14. h3 Bf5 15. Bc4 Bh6 16. Ra1 Ne7 17. d5 Bg7 18. Bxg7 Kxg7 19. Qd4+ f6 20. Rfe1 a6 21. a4 Rad8 22. Rad1 Bd7 23. Qd3 Bc8 24. Rd2 Qc5 25. Qd4 Qb4 26. Rde2 Nf5 27. Qb2 Rxe2 28. Qxe2 Bd7 29. g4 Re8 30. Qd1 Rxe1+ 31. Nxe1 Nd6 32. Nd3 Qa5 33. Qe2 Kf7 34. Qf3 Qc3 35. Kg2 b5 0-1